Devinez la comédie musicale française - Statistiques

Statistiques générales
  • Ce quiz a été pris 185 fois
  • Le résultat moyen est 8 sur 16
Statistiques - réponses
Par images Réponse % Correct
Le Roi soleil
99%
Mozart l'opéra rock
85%
Roméo et Juliette
81%
Notre Dame de Paris
74%
Le roi lion
71%
1789
63%
Les Dix Commandements
63%
Robin des Bois
62%
Molière l'opéra urbain
61%
La légende du roi Arthur
56%
Les trois mousquetaires
39%
Le Rouge et le Noir
22%
Dracula, l'amour plus fort que la mort
18%
Cléopatre, dernière reine d'Egypte
11%
Ali Baba
8%
Adam et Eve, la seconde chance
3%
Aucun quiz correspondant
Distribution des résultats
% des personnes avec chaque résultat
Percentile par nombre de réponses
Votre historique - résultats
Vous n’avez pas pris ce quiz